Statistiques concernant Petit Bac #74 - Papes

Cliquez ici pour prendre le quiz!

Statistiques générales

  • Ce quiz a été pris 294 fois
  • Le résultat moyen est 10 sur 20

Statistiques - réponses

1ère lettrePape% Correct
JJean Ier / Jean II / Jean III / Jean IV / Jean V / Jean VI / Jean VII / Jean VIII / Jean IX / Jean X / Jean XI / Jean XII / Jean XIII / Jean XIV / Jean XV / Jean XVII / Jean XVIII / Jean XIX / Jean XXI / Jean XXII / Jean XXIII / Jean-Paul Ier / Jean-Paul II / Jules Ier / Jules II / Jules III
93%
PPascal Ier / Pascal II / Paul Ier / Paul II / Paul III / Paul IV / Paul V / Paul VI / Pélage Ier / Pélage II / Pie Ier / Pie II / Pie III / Pie IV / Pie V / Pie VI / Pie VII / Pie VIII / Pie IX / Pie X / Pie XI / Pie XII / Pierre / Pontien
93%
FFabien / Félix Ier / Félix III / Félix IV / Formose / François
92%
BBenoît Ier / Benoît II / Benoît III / Benoît IV / Benoît V / Benoît VI / Benoît VII / Benoît VIII / Benoît IX / Benoît XI / Benoît XII / Benoît XIII / Benoît XIV / Benoît XV / Benoît XVI / Boniface Ier / Boniface II / Boniface III / Boniface IV / Boniface V / Boniface VI / Boniface VIII / Boniface IX
81%
UUrbain Ier / Urbain II / Urbain III / Urbain IV / Urbain V / Urbain VI / Urbain VII / Urbain VIII
67%
AAdéodat Ier / Adéodat II / Adrien Ier / Adrien II / Adrien III / Adrien IV / Adrien V / Adrien VI / Agapet Ier / Agapet II / Agathon / Alexandre Ier / Alexandre II / Alexandre III / Alexandre IV / Alexandre VI / Alexandre VII / Alexandre VIII / Anaclet / Anastase Ier / Anastase II / Anastase III / Anastase IV / Anicet / Antère
53%
MMarc / Marcellin / Marcel Ier / Marcel II / Marin Ier / Marin II / Martin Ier / Martin IV / Martin V / Miltiade
52%
CCaïus / Calixte Ier / Calixte II / Calixte III / Célestin Ier / Célestin II / Célestin III / Célestin IV / Célestin V / Clément Ier / Clément II / Clément III / Clément IV / Clément V / Clément VI / Clément VII / Clément VIII / Clément IX / Clément X / Clément XI / Clément XII / Clément XIII / Clément XIV / Conon / Constantin / Corneille
50%
LLandon / Libère / Lin / Léon Ier / Léon II / Léon III / Léon IV / Léon V / Léon VI / Léon VII / Léon VIII / Léon IX / Léon X / Léon XI / Léon XII / Léon XIII / Lucius Ier / Lucius II / Lucius III
50%
GGélase Ier / Gélase II / Grégoire Ier / Grégoire II / Grégoire III / Grégoire IV / Grégoire V / Grégoire VI / Grégoire VII / Grégoire VIII / Grégoire IX / Grégoire X / Grégoire XI / Grégoire XII / Grégoire XIII / Grégoire XIV / Grégoire XV / Grégoire XVI
45%
IInnocent Ier / Innocent II / Innocent III / Innocent IV / Innocent V / Innocent VI / Innocent VII / Innocent VIII / Innocent IX / Innocent X / Innocent XI / Innocent XII / Innocent XIII
44%
VValentin / Victor Ier / Victor II / Victor III / Vigile / Vitalien
40%
SSabinien / Serge Ier / Serge II / Serge III / Serge IV / Séverin / Silvère / Simplice / Sirice / Sisinnius / Sixte Ier / Sixte II / Sixte III / Sixte IV / Sixte V / Sôter / Sylvestre Ier / Sylvestre II / Sylvestre III / Symmaque
35%
EÉleuthère / Étienne Ier / Étienne II / Étienne III / Étienne IV / Étienne V / Étienne VI / Étienne VII / Étienne VIII / Étienne IX / Eugène Ier / Eugène II / Eugène III / Eugène IV / Eusèbe / Eutychien / Évariste
33%
NNicolas Ier / Nicolas II / Nicolas III / Nicolas IV / Nicolas V
31%
TTélesphore / Théodore Ier / Théodore II
27%
RRomain
25%
ZZacharie / Zéphyrin / Zosime
22%
HHilaire / Honorius Ier / Honorius II / Honorius III / Honorius IV / Hormisdas / Hygin
13%
DDamase Ier / Damase II / Denys / Donus
11%

Distribution des résultats

Percentile par nombre de réponses

% des personnes avec chaque résultat

Votre développement - résultats

Vous n’avez pas pris ce quiz